000
00206 a2200097 4500
001
13614
100
_a
Woolf L
245
_a
Quack Quack!
260
_a
London
_b
Leonard & Virginia
_c
090
_c
10612
_d
10612
942
_a
NUST-CAE
_c
M
_c
684
999
_c
248687
_d
248687